Construction contracting in theory and practice: a case study (Record no. 30144)
[ view plain ]
| 000 -LEADER | |
|---|---|
| fixed length control field | 01357cab a2200205 4500 |
| 001 - CONTROL NUMBER | |
| control field | ABS44596 |
| 008 - FIXED-LENGTH DATA ELEMENTS--GENERAL INFORMATION | |
| fixed length control field | 090401t1991 xxu||||| |||| 00| 0 eng d |
| 035 ## - SYSTEM CONTROL NUMBER | |
| System control number | (Sirsi) u47936 |
| 041 ## - LANGUAGE CODE | |
| Language code of text/sound track or separate title | eng |
| 100 ## - MAIN ENTRY--PERSONAL NAME | |
| Personal name | Bresnen, M. J. |
| 245 ## - TITLE STATEMENT | |
| Title | Construction contracting in theory and practice: a case study |
| 260 ## - PUBLICATION, DISTRIBUTION, ETC. | |
| Date of publication, distribution, etc. | 1991 |
| 350 ## - PRICE (NR) (BK AM CF MU VM SE) [OBSOLETE] | |
| Price | 0 |
| 490 ## - SERIES STATEMENT | |
| Series statement | Construction Management & Economics |
| Volume/sequential designation | 9(3) June 1991, 247-263(9) |
| 520 ## - SUMMARY, ETC. | |
| Summary, etc. | Argues that research in the area of alternative contracting methods has tended to analyse the problem at one remove by ignoring the reality of construction project management and the factors that commonly influence behaviour on a construction project. Evidence is presented from a case study of a management contract to demonstrate how the motives or aims that each party to the contract brings to the relationship and the ability they have to influence successfully the decision and actions taken can have a substantial effect upon the cause of events. It concludes that any assessment of the efficiency of various types of delivery system ought to take into account the factors that are likely to influence the operation of those systems in practice. References. (Based on journal abstract) |
| 650 ## - SUBJECT ADDED ENTRY--TOPICAL TERM | |
| Topical term or geographic name entry element | PROJECT ORGANISATION |
| 690 ## - LOCAL SUBJECT ADDED ENTRY--TOPICAL TERM (OCLC, RLIN) | |
| Topical term or geographic name as entry element | BUILT ENVIRONMENT-BUILDING CONTRACT FORMS |
| 942 ## - ADDED ENTRY ELEMENTS (KOHA) | |
| Suppress in OPAC | 0 |
| 948 ## - LOCAL PROCESSING INFORMATION (OCLC); SERIES PART DESIGNATOR (RLIN) | |
| c (OCLC) | 04/03/1997 |
| Withdrawn status | Lost status | Source of classification or shelving scheme | Damaged status | Not for loan | Home library | Current library | Shelving location | Date acquired | Total Checkouts | Full call number | Barcode | Date last seen | Copy number | Price effective from | Koha item type |
|---|---|---|---|---|---|---|---|---|---|---|---|---|---|---|---|
| Dewey Decimal Classification | London | London | Journal article | 14/09/1999 | ABS44596 | 47936-1001 | 06/08/2019 | 1 | 06/08/2019 | Journal article |